Capitales fédérales des Etats-Unis - Statistiques

Statistiques générales
  • Ce quiz a été pris 173 fois
  • Le résultat moyen est 14 sur 20
Statistiques - réponses
Etat Capitale fédérale % Correct
Louisiane Baton Rouge
100%
Arizona Phoenix
100%
Californie Sacramento
100%
Utah Salt Lake City
100%
Dakota du Nord Bismarck
90%
Massachusetts Boston
90%
Hawaï Honolulu
89%
Vermont Montpelier
86%
Oklahoma Oklahoma City
86%
Texas Austin
85%
New York Albany
83%
Idaho Boise
83%
Rhode Island Providence
83%
Illinois Springfield
83%
Montana Helena
82%
Alaska Juneau
82%
Géorgie Atlanta
80%
Colorado Denver
80%
Iowa Des Moines
80%
Washington Olympia
80%
New Jersey Trenton
80%
Dakota du Sud Pierre
79%
Virginie occidentale Charleston
78%
Michigan Lansing
78%
Pennsylvanie Harrisburg
77%
Alabama Montgomery
76%
Maine Augusta
75%
Nevada Carson City
75%
Caroline du Nord Raleigh
75%
Floride Tallahassee
75%
Caroline du Sud Columbia
73%
Ohio Columbus
73%
Indiana Indianapolis
73%
Mississippi Jackson
71%
Nouveau Mexique Santa Fe
71%
Tennessee Nashville
70%
Minnesota Saint Paul
70%
Arkansas Little Rock
69%
Wyoming Cheyenne
67%
New Hampshire Concord
67%
Kentucky Frankfort
67%
Oregon Salem
67%
Delaware Dover
63%
Wisconsin Madison
60%
Kansas Topeka
57%
Missouri Jefferson City
55%
Maryland Annapolis
50%
Connecticut Hartford
50%
Nebraska Lincoln
50%
Virginie Richmond
50%
Aucun quiz correspondant
Distribution des résultats
% des personnes avec chaque résultat
Percentile par nombre de réponses
Votre historique - résultats
Vous n’avez pas pris ce quiz